Typing Error - Capitals - Statistics

General Stats
  • This quiz has been taken 15 times
  • The average score is 12 of 15
Answer Stats
Wrong Correct % Correct
Amsdtrrdam Amsterdam
100%
Eashikgton d.C. Washington D.C.
100%
Gelsniki Helsinki
92%
Bau dhabai Abu Dhabi
85%
Bdhgdah Baghdad
85%
Vopennagen Copenhagen
85%
Musnk Minsk
85%
Montedvidoe Montevideo
85%
Knshasa Kinshasa
77%
Svrajeco Sarajevo
77%
Tripplo Tripoli
69%
Poyt Moresny Port Moresby
62%
Tamoussourlro Yamoussoukro
62%
Pailirk Palikir
54%
Ytgucigalap Tegucigalpa
54%
No matching quizzes found
Score Distribution
Percent of People with Each Score
Percentile by Number Answered
Your Score History
You have not taken this quiz